| 000 | 00991nam a2200241 a 4500 | ||
|---|---|---|---|
| 005 | 20160422095614.0 | ||
| 008 | 020202s2007 ck ab gr 00010 spa d | ||
| 020 | _a9588323126 | ||
| 040 |
_aCO-BoBLA _cCO-BoBLA _dCO-BoIAVH |
||
| 041 | 0 | _aspa | |
| 044 | _ack | ||
| 082 | 0 | 4 |
_a631.44 _bI59s2 |
| 110 | 2 |
_aInstituto Geográfico "Agustín Codazzi". _bSubdirección Agrológica. |
|
| 245 | 1 | 0 |
_aEstudio semidetallado de suelos de las áreas : _bpotencialmente agrícolas, Frontino, Departamento de Antioquia / _cIGAC. |
| 260 | 3 |
_aBogotá : _bIGAC, _c2007. |
|
| 300 |
_a143, [49] páginas : _bilustraciones a color y mapas a color ; _c28 x 21 centímetros |
||
| 500 | _aIncluye glosario. | ||
| 504 | _aIncluye referencias bibliográficas. | ||
| 650 | 1 | 4 |
_aSuelos _z Frontino (Antioquia, Colombia) |
| 650 | 2 | 6 |
_aAnálisis del suelo _z Frontino (Antioquia, Colombia) |
| 650 | 2 | 4 |
_aSuelos _v Clasificación _z Frontino (Antioquia, Colombia) |
| 942 |
_2ddc _cLIBRO |
||
| 999 |
_c18330 _d18330 |
||